Bekannte Niederländer in Deutschland - Bildquiz - Statistiken

Allgemein
  • Dieses Quiz wurde 51 mal gespielt
  • Das Durchschnittsergebnis liegt bei 10 aus 25
Antwortstatistiken
Bildquiz Hint Antwort % Korrekt
Het Hogeland /
Fußballer
Arjen Robben
88%
Amsterdam /
Fußballtrainer
Louis van Gaal
82%
Breda /
Moderatorin
Sylvie Meis
82%
Heerlen /
Sänger
Heintje
80%
Heemskerk /
Fußballer
Rafael Van Der Vaart
76%
Alkmaar /
Entertainer
Rudi Carrell
73%
Maastricht /
Dirigent
André Rieu
65%
Velsen /
Sängerin
Loona
55%
Hilversum /
Moderatorin
Linda de Mol
45%
Haarlem /
Model
Emilie Bouwman (Frau Antje)
41%
Tilburg /
Moderatorin
Marijke Amado
39%
Den Haag /
Moderator
Harry Wijnvoord
35%
Overbetuwe /
Sänger
Vader Abraham (Pierre Kartner)
35%
Amersfoort /
Schauspieler
Johannes Heesters
29%
Leeuwarden /
Tänzerin | Spionin
Mata Hari
27%
Den Haag /
Sänger
Eloy De Jong
24%
Purmerend /
Zauberer
Hans Klok
24%
Neder-Betuwe /
Fußballer
Arie van Lent
22%
Utrecht /
Sänger
Herman van Veen
18%
Almelo /
Sängerin
Ilse de Lange
16%
Volendam /
Sänger
Jan Smit
14%
Den Haag /
Entertainer
Lou van Burg
14%
Amsterdam | Capelle aan den IJssel /
Rapper
Lil’ Kleine & Ronnie Flex
10%
Venlo /
Moderatorin
Chantal Janzen
4%
Zwolle /
Moderatorin
Tooske Ragas
2%
Keine übereinstimmenden Quizze gefunden
Verteilung der Resultate
Anzahl Personen mit jedem Resultat
Perzentil nach korrekt beantworteten Fragen
Ihre Resultats-Entwicklung
Sie haben dieses Quiz noch nicht gespielt